000 00441nam a2200181Ia 4500
001 1050
005 20260306140603.0
008 260306t2004||||xx |||||||||||||| ||spa||
041 _aESP
082 _a180
_bH59 V. 2
100 _aForment, Eudaldo
_eAUT
245 0 _aHistoria de la filosofía:
_bfilosofía medieval
260 _c2004
300 _a413 páginas :
_c21 cm.
650 _aGEN
654 _aCHU
942 _cLIB
_dJUS
_fJUS
_2ddc
_n
999 _c1050
_d1050